Information theory and network coding / (Record no. 11456)

MARC details
000 -LEADER
fixed length control field 01122cam a22002775a 4500
001 - CONTROL NUMBER
control field 15208546
005 - DATE AND TIME OF LATEST TRANSACTION
control field 20080326095253.0
008 - FIXED-LENGTH DATA ELEMENTS--GENERAL INFORMATION
fixed length control field 080306s2008 nyu 000 0 eng
010 ## - LIBRARY OF CONGRESS CONTROL NUMBER
LC control number 2008924472
020 ## - INTERNATIONAL STANDARD BOOK NUMBER
International Standard Book Number 9780387792330 (hardcover : alk. paper)
040 ## - CATALOGING SOURCE
Original cataloging agency DLC
Transcribing agency DLC
Modifying agency DLC
082 ## - DEWEY DECIMAL CLASSIFICATION NUMBER
Edition number 22
Classification number 003.54
Item number YEU
100 1# - MAIN ENTRY--PERSONAL NAME
Personal name Yeung, Raymond W.
9 (RLIN) 4428
245 10 - TITLE STATEMENT
Title Information theory and network coding /
Statement of responsibility, etc Raymond W. Yeung.
260 ## - PUBLICATION, DISTRIBUTION, ETC. (IMPRINT)
Place of publication, distribution, etc New York :
Name of publisher, distributor, etc Springer,
Date of publication, distribution, etc 2008.
263 ## - PROJECTED PUBLICATION DATE
Projected publication date 0807
300 ## - PHYSICAL DESCRIPTION
Extent 579p.;
Dimensions 24 cm.
490 0# - Series Statement
Series statement Information technology: transmission, processing and storage
504 ## - BIBLIOGRAPHY, ETC. NOTE
Bibliography, etc Includes bibliographical references p.541-560 ad index
650 ## - SUBJECT ADDED ENTRY--TOPICAL TERM
9 (RLIN) 3495
Topical term or geographic name as entry element Information theory.
856 42 - ELECTRONIC LOCATION AND ACCESS
Materials specified Publisher description
Uniform Resource Identifier <a href="http://www.loc.gov/catdir/enhancements/fy0827/2008924472-d.html">http://www.loc.gov/catdir/enhancements/fy0827/2008924472-d.html</a>
856 41 - ELECTRONIC LOCATION AND ACCESS
Materials specified Table of contents only
Uniform Resource Identifier <a href="http://www.loc.gov/catdir/enhancements/fy0827/2008924472-t.html">http://www.loc.gov/catdir/enhancements/fy0827/2008924472-t.html</a>
942 ## - ADDED ENTRY ELEMENTS (KOHA)
Source of classification or shelving scheme Dewey Decimal Classification
Item type Book - Borrowing
Holdings
Withdrawn status Item status Source of classification or shelving scheme Damaged status Not for loan Vendor Home library Current library Shelving location Date acquired Source of acquisition Cost, normal purchase price Serial Enumeration / chronology Total Checkouts Full call number Barcode Date last seen Koha item type
    Dewey Decimal Classification     Alahram Central Library Central Library Lower Floor 29/04/2009   360.00 374   003.54 YEU 000016264 15/07/2025 Book - Borrowing